| 000 | 00453nam a2200157 a 4500 | ||
|---|---|---|---|
| 001 | 000031294 | ||
| 005 | 20200930062830.0 | ||
| 008 | 110617s2005 dr ac 000 0 spa d | ||
| 040 |
_aDO-SdBNP _bspa _cBNPHU |
||
| 082 |
_axxxx _bF981i |
||
| 110 | 2 |
_aBanco Dominicano del Progreso _957754 |
|
| 245 | 1 | 0 | _aMemoria anual 2002. |
| 260 |
_aSanto Domingo : _bBanco Dominicano del Progreso, _c[2005]. |
||
| 300 |
_a74 p : _bil., retrs. ; _c29 cm. |
||
| 049 | _aBNPD | ||
| 999 |
_c30786 _d30786 |
||